Taxmann's business laws / (Record no. 140629)
[ view plain ]
| 000 -LEADER | |
|---|---|
| fixed length control field | 00715nam a22001937a 4500 |
| 005 - DATE AND TIME OF LATEST TRANSACTION | |
| control field | 20170531151000.0 |
| 020 ## - INTERNATIONAL STANDARD BOOK NUMBER | |
| Terms of availability | 450.00 |
| 035 ## - SYSTEM CONTROL NUMBER | |
| System control number | B-666062 |
| 037 ## - SOURCE OF ACQUISITION | |
| Stock number | dpl |
| Source of stock number/acquisition | Variety/Ven |
| 082 ## - DEWEY DECIMAL CLASSIFICATION NUMBER | |
| Classification number | 346.07 |
| 100 ## - MAIN ENTRY--PERSONAL NAME | |
| Personal name | Arora, Sushma |
| 245 ## - TITLE STATEMENT | |
| Title | Taxmann's business laws / |
| Statement of responsibility, etc | by Sushma Arora |
| 250 ## - EDITION STATEMENT | |
| Edition statement | 2nd ed |
| 260 ## - PUBLICATION, DISTRIBUTION, ETC. (IMPRINT) | |
| Place of publication, distribution, etc | New Delhi |
| Name of publisher, distributor, etc | Taxmann Publications |
| Date of publication, distribution, etc | 2016 |
| 270 ## - ADDRESS | |
| Address | 59/32, New Rohtak Road, |
| City | New Delhi |
| Postal code | 110005 |
| Telephone number | +91-11-45562222 |
| 300 ## - PHYSICAL DESCRIPTION | |
| Extent | I-38,498p. |
| Dimensions | 24cm(pbk) |
| 942 ## - ADDED ENTRY ELEMENTS (KOHA) | |
| Source of classification or shelving scheme | Dewey Decimal Classification |
| Item type | English Books |
| Call number suffix | ARO |
| Classification part | 346.07 |
| Withdrawn status | Lost status | Not for loan | Collection code | Home library | Current library | Date acquired | Source of acquisition | Cost, normal purchase price | Full call number | Barcode | Copy number | Cost, replacement price | Koha item type |
|---|---|---|---|---|---|---|---|---|---|---|---|---|---|
| Non-fiction | Ashok Vihar | Ashok Vihar | 31/05/2017 | BPPD/EN/2015-16/AV/16-17/410/15.2.2017/IN1434/7.3.2017/ 10.3.2017 | 450.00 | 346.07 ARO | B-666062 | 1 | 450.00 | English Books |
